000 00590nam a2200217 a 4500
999 _c990
_d990
008 191115t2012 ii ||||g |||| 00| | eng d
020 _a9788120346543
_cRs. 250.00
040 _aKO
_beng
041 0 _aeng
044 _aii
082 0 4 _223
_a421.52
_bG1546
100 1 _aGangal, J. K.
245 1 0 _aA Practical Course in Spoken English /
_cJ. K. Gangal
250 _a2nd ed.
260 _aNew Delhi :
_bPHI Learning Private Limited ,
_c2012
300 _axx, 280 p. ;
_c24 cm +
_e1 CD-ROM
650 0 _aSpoken English
_xEnglish language
904 _aA_BOSE
942 _cBK